| 000 | 00784nam a22001817a 4500 | ||
|---|---|---|---|
| 008 | 100704t2009 xxu||||| |||| 00| 0 eng d | ||
| 020 | _a9781847677686 | ||
| 082 |
_222 _a153.1534 _bPIN |
||
| 100 | 1 |
_aPink, Daniel H. _915832 |
|
| 245 |
_aDrive : _bThe Surprising Truth About What Motivates Us / _cDaniel H. Pink. |
||
| 260 |
_aNew York, NY : _bCanongate, _cc2009. |
||
| 300 |
_axii, 242 p : _bill.; _c22 cm. |
||
| 504 | _aIncludes bibliographical references and index. | ||
| 541 | _aBacca ; | ||
| 650 | 0 |
_aMotivation (Psychology) _915833 |
|
| 942 |
_2ddc _cBB |
||
| 999 |
_c14364 _d14364 |
||